Historiae biblicae veteris et Novi Testamenti, junioribus ad faciliorem eruditionem, senioribus ad vivaciorem memoriam, divini verbi praeconibus ad celeriorem reminiscentiam, omnibus ad utilem sanctámque curiositatem, in centum frugiferis foliis exhibetae / a Josepho & Joanne Klauber

Detalles Bibliográficos
Autor principal: Klauber, Josephus et al
Formato: Libro
Lenguaje:Undetermined
Latin
Publicado: s.l. : s.n., 1748.
Materias:
Colección:Banco de datos
Acervo:Biblioteca Palafoxiana. Colección bibliográfica
Descripción Física:100 h. : il. ; f°
Tema general:Biblia
Notas:Portada en latín y alemán Colección de grabados. Número de localización: 41557
LEADER 00788nam a2200169Ia 4500
008 150723s9999 xx 000 0 und d
041 0 |a lat 
050 0 |a PAFX BS535 K5 
100 1 |a Klauber, Josephus et al. 
245 1 0 |a Historiae biblicae veteris et Novi Testamenti, junioribus ad faciliorem eruditionem, senioribus ad vivaciorem memoriam, divini verbi praeconibus ad celeriorem reminiscentiam, omnibus ad utilem sanctámque curiositatem, in centum frugiferis foliis exhibetae / a Josepho & Joanne Klauber 
260 |a s.l. : s.n., 1748. 
300 |a 100 h. : il. ; f° 
500 |a Portada en latín y alemán Colección de grabados. Número de localización: 41557 
650 1 0 |a Biblia 
942 |c PALALIB 
943 |g Biblioteca Palafoxiana. Colección bibliográfica 
999 |c 1067390  |d 1067390